| 000 | 00725nma a22002537a 4500 | ||
|---|---|---|---|
| 005 | 20250218135423.0 | ||
| 008 | 250218s2021 cat d | ||
| 041 | _acat | ||
| 041 | _bspa | ||
| 041 | _bbaq | ||
| 041 | _bglg | ||
| 245 |
_aGlossari _h[en línia] |
||
| 260 |
_aMadrid _bCNMV, Comisión Nacional del Mercado de Valores |
||
| 260 | _bBanco de España | ||
| 260 |
_bGobierno de España. Ministerio de Asuntos Económicos y Transformación Digital _c2021 |
||
| 520 | _aaprox. 370 | ||
| 546 | _acatalà | ||
| 592 | _aObra terminològica | ||
| 593 | _aNE | ||
| 650 | 0 |
_afinances _960713 |
|
| 773 | _tFinanzas para todos | ||
| 856 | _uhttps://www.finanzasparatodos.es/ca/glossari | ||
| 942 |
_2ddc _cPM _n0 |
||
| 999 |
_c69200 _d69200 |
||